Datum a čas kvízu
16
Celkem bodů
Celkový počet nahraných bodů na tomto kvízu bez doplňovacích otázek.
8.
Pořadí na kvízu
Konečné umístění týmu na tomto kvízu.
Zaznamenané odpovědi
| # | Otázka | Odpověď | Body | Výsledky |
|---|---|---|---|---|
| 1. | Že vánoční punk není mrtvý, má... | Bruntál | 0 | |
| 2. | Spoluzakladatel radikálního ek... | Extinction Rebellion | 0 | |
| 3. | Křišťálovou lupu za online vid... | Honza Mikulka, Janek Rubeš | 0 | |
| 4. | Gambrinus ve čtvrtek oznámil j... | přestane stáčet pivo do plastových lahví | 0 | |
| 5. | Minulý týden vstoupil do Síně... | Václav Nedomanský | 1 | |
| 6. | Toto téma minulý týden zvítězi... | Vídeň, 1996 | 0.5 | |
| 7. | Nespočet hlášek má na svém kon... | vycházky | 0 | |
| 8. | Televize Nova a sportovní přen... | Václav Tittelbach, Pavel Poulíček | 0 | |
| 9. | Autorem mnoha legendárních hlá... | Nemecký/Německý | 0 | |
| 10. | Tento finský komentář vítěznéh... | 71 m (uznáváme tedy 68–74) | 0 |